000 00366nam a2200133 i 4500
001 57495
003 ES-MaACL
007 t|
008 031016s1939 ddr ||||1| ger d
245 0 0 _a100 dokumente zur vorgeslchichte des krieges.
260 _aBerlĂ­n :
_bDeutscher Verlag und Bruch,
_c[1939]
300 _a253 p. ;
_c19 cm.
852 _aES-MaACL
_jB-9851
_bR.19199
999 _c57495
_d57495